El Problema solidarista y la respuesta sindical en Centroamérica; Capítulo 2: Informes sindicales del desarrollo solidarista en Centroamérica, México y Panamá /

Đã lưu trong:
Chi tiết về thư mục
Nhiều tác giả của công ty: Asociación Servicios de Promoción Laboral, Centro de Estudios Democráticos de América Latina
Định dạng: Không biết
Được phát hành: Heredia: ASEPROLA; CEDAL
Các nhãn: Thêm thẻ
Không có thẻ, Là người đầu tiên thẻ bản ghi này!

MARC

LEADER 00000 a2200000 04500
001 10170
003
008 991231s d
040
090 |a 135208  
110 |a Asociación Servicios de Promoción Laboral  
245 |a El Problema solidarista y la respuesta sindical en Centroamérica; Capítulo 2: Informes sindicales del desarrollo solidarista en Centroamérica, México y Panamá /  |c Asociación Servicios de Promoción Laboral  
260 |a Heredia:   |b ASEPROLA; CEDAL  
300 |a 162 p.  
710 |a Centro de Estudios Democráticos de América Latina  
999 |c 15220  |d 15220